000 00467nam a2200181Ia 4500
005 20251020182546.0
008 200515s9999 xx 000 0 und d
082 _a747:728.80/L32
100 _aLAZENBY, Gina
245 0 _aFeng Shui
260 _aBarcelona
260 _c1999
300 _a95
520 _aConsejos de decoración sencillos que ayudarán a lograr un entorno relajante en su hogar
650 _aDECORACION
650 _aFENG SHUI
942 _cLIB
999 _c2569
_d2569